| 000 | 01417nam0a2200337 4500 | ||
|---|---|---|---|
| 001 | RU\NLR\bibl\266813 | ||
| 005 | 20250620131652.0 | ||
| 010 |
_a5-89896-150-Х _9300 |
||
| 035 | _a(NLR Aleph) 000262381 | ||
| 090 |
_a1532895 _c1532895 |
||
| 100 | _a20020523d2002 |||y0rusy50 ca | ||
| 101 | 0 | _arus | |
| 102 | _aRU | ||
| 105 | _ay ||||||||| | ||
| 200 | 1 |
_aЧукотка _eЗигзаги истории малых народов Севера _fМ.Н. Куликов _gМ-во образования Рос. Федерации, Новгор. гос. ун-т им. Ярослава Мудрого |
|
| 210 |
_aВеликий Новгород _cНовГУ _d2002 |
||
| 215 |
_a495 с. _cпортр. _d20 |
||
| 316 |
_aС автогр. авт. _5NLR |
||
| 316 |
_aавтограф _5NLR:2002-3/12476 |
||
| 320 | _aБиблиогр. в конце гл. | ||
| 606 | 0 |
_aНароды Севера _xИстория _91701279 _3RU\NLR\auth\66757334 |
|
| 606 | 0 |
_aНациональная политика _yРоссия _92075626 _3RU\NLR\auth\661250706 |
|
| 607 |
_aЧукотский автономный округ _xИстория _92226519 _3RU\NLR\auth\661336604 |
||
| 686 | _aТ3(2Р-4М-6Чу) | ||
| 686 | _aТ3(2)7-36 | ||
| 700 | 1 |
_aКуликов _bМ. И. _gМихаил Иванович _4070 |
|
| 801 | 0 |
_aRU _bNLR _c20020523 _gPSBO |
|
| 801 | 1 |
_aRU _bNLR _c20020523 |
|
| 942 | _cBOOK | ||
| 980 | _aNB | ||